000 00658nam a2200229 a 4500
999 _c1441
_d1441
001 1441
003 BD-JhCC
005 20171106164157.0
008 171019s2010 bg |||| ||a| 000 0 ben d
020 _a9847015601454
035 _a(BD-JhCC)1441
040 _aBD-JhCC
_dBD-JhCC
041 _aben
082 _a923.1
_bHAS 2010
100 _aহাসিনা, শেখ
245 _aরচনাসমগ্র ২ /
_cশেখ হাসিনা
260 _aঢাকা :
_bমাওলা ব্রাদার্স,
_c2010.
300 _a326 p. ;
_c22 cm.
650 _aPolitician
_xBiography
_zBangladesh
942 _2ddc
_cBK